Ďalší kandidáti do záznamu kultúrneho dedičstva

Bibliographic Details
Main Author: Škorňa, P. (Author)
Format: Article
Language:Slovak
Subjects:

MARC

LEADER 00000nab a2200000 a 4500
001 vtls000892501
003 SK-MaSNL
005 20260305015046.0
008 040720e19940119xo 0 slo
035 |a KE1537 
040 |a KEVKJB  |b slo  |c KEVKJB  |e AACR2 
041 0 |a slo 
044 |a xo  |c SK 
080 |a 719  |2 1981 
080 |a 341.12  |2 1981 
080 |a 061.22  |2 1981 
100 1 |a Škorňa, P.  |4 aut  |9 1593689 
245 1 0 |a Ďalší kandidáti do záznamu kultúrneho dedičstva  |c P. Škorňa 
610 2 7 |a UNESCO  |2 KEVKJB  |9 29699 
630 0 7 |a Zoznam svetového kultúrneho a prírodného dedičstva UNESCO  |2 snkbucl  |9 183179 
650 0 7 |a kultúrne dedičstvo  |2 KEVKJB  |9 4195 
773 0 |t Nový čas  |g Roč. 4  |g Roč. 28, č. 14 (19.1.1994), s. 8 
852 |a ZVYKNI  |b KIS3GCP 
999 |c 3272856  |d 3274786